AH International Schools' Libraries

Noah's Ark / (Record no. 49398)

MARC details
000 -LEADER
fixed length control field 00277nam a2200109 4500
020 ## - INTERNATIONAL STANDARD BOOK NUMBER
International Standard Book Number 9781789059342
100 ## - MAIN ENTRY--PERSONAL NAME
Personal name Doherty, Paula
9 (RLIN) 86601
245 ## - TITLE STATEMENT
Title Noah's Ark /
Statement of responsibility, etc Paula Doherty
260 ## - PUBLICATION, DISTRIBUTION, ETC. (IMPRINT)
Place of publication, distribution, etc Sywell
Name of publisher, distributor, etc Igloo Books
Date of publication, distribution, etc 2019
300 ## - PHYSICAL DESCRIPTION
Extent unpaged.
Other physical details col. ill.
Dimensions 20 cm.
942 ## - ADDED ENTRY ELEMENTS (KOHA)
Source of classification or shelving scheme
Koha item type Board Book
Holdings
Withdrawn status Lost status Source of classification or shelving scheme Damaged status Not for loan Home library Current library Shelving location Date acquired Total Checkouts Full call number Barcode Checked out Date last seen Date checked out Price effective from Koha item type
          Asian Hope Early Years Library Asian Hope Early Years Library Easy Reading 08/22/2025 6 BB E DOH 208947 04/29/2026 04/29/2026 04/29/2026 08/22/2025 Board Book

For any Logos Library related questions please contact Miss Art at swongnarasuk@asianhope.org.

For any Asian Hope Library related questions please contact Miss Raza at graza@asianhope.org.

Powered by Koha